[Event "OLOA 1920 SV Sangerhausen - SG Leipzig "]
[Site "?"]
[Date "2020.01.19"]
[Round "7.7"]
[White "Ulms, Sandra"]
[Black "Buerckner, Georg"]
[Result "1/2-1/2"]
[WhiteElo "2152"]
[BlackElo "2034"]
[PlyCount "97"]
[EventDate "2020.??.??"]
[EventType "team-tourn"]

{[%evp 0,97,24,16,13,12,7,-23,-14,-9,11,3,3,3,30,-8,48,17,17,17,16,6,29,-4,9,9,
9,9,19,-12,39,27,39,10,12,7,23,23,29,11,10,8,10,11,11,18,19,25,23,23,36,36,36,
25,81,19,10,17,17,17,17,11,21,15,20,0,0,0,0,0,1,1,0,0,0,0,0,0,0,0,-2,-2,0,0,22,
22,22,11,11,16,12,2,2,1,1,0,0,0,0,0]} 1. d4 d5 2. Nf3 e6 3. c4 Nf6 4. Nc3 Be7
5. Bf4 O-O 6. e3 a6 7. Qc2 Nbd7 8. a3 dxc4 9. Bxc4 b5 10. Bd3 Bb7 11. Ne4 Nxe4
12. Bxe4 Bxe4 13. Qxe4 c5 14. O-O Qb6 15. Rad1 Rfd8 16. Ne5 Nxe5 17. Bxe5 Rac8
18. Qg4 Bf8 19. dxc5 Qxc5 20. Bc3 Qf5 21. Qxf5 exf5 22. g3 g6 23. Rxd8 Rxd8 24.
Rc1 Bg7 25. Bxg7 Kxg7 26. Rc6 Rd2 27. Rxa6 Rxb2 28. a4 bxa4 29. Rxa4 h5 30. h3
Rc2 31. Kg2 Rb2 32. g4 hxg4 33. hxg4 fxg4 34. Rxg4 f5 35. Ra4 Kf6 36. Kg3 Rb6
37. Kf4 Rc6 38. f3 Rb6 39. Ra8 Rb4+ 40. Kg3 Rb3 41. Ra6+ Kf7 42. Kf4 Rb1 43. e4
fxe4 44. fxe4 Rb5 45. e5 Rb4+ 46. Kg5 Re4 47. Rf6+ Ke7 48. Rxg6 Rxe5+ 49. Kf4
1/2-1/2

[Event "OLOA 1920 SV Sangerhausen - SG Leipzig "]
[Site "?"]
[Date "2020.01.19"]
[Round "7.8"]
[White "Ellemann, Stefan"]
[Black "Limpert, Michael"]
[Result "1-0"]
[WhiteElo "2016"]
[BlackElo "2142"]
[PlyCount "49"]
[EventDate "2020.??.??"]
[EventType "team-tourn"]

{[%evp 0,49,24,12,12,7,32,-14,42,-10,10,-15,22,1,5,14,42,6,13,13,11,12,13,5,
107,82,91,90,69,43,50,47,48,29,67,31,50,30,82,71,87,76,92,150,241,241,332,332,
332,236,332,264]} 1. Nf3 d5 2. d4 Nf6 3. c4 c6 4. Qc2 e6 5. g3 Be7 6. Bg2 O-O
7. O-O b6 8. Rd1 Bb7 9. b3 Nbd7 10. Nc3 Rc8 11. e4 a6 12. e5 Ne8 13. h4 Nc7 14.
Bg5 h6 15. Bf4 Re8 16. Qd2 Bf8 17. Ne2 Qe7 18. g4 Qb4 19. Qc2 g6 20. h5 gxh5
21. g5 hxg5 22. Nxg5 Bg7 23. Qh7+ Kf8 24. Qxh5 Qe7 25. Rd3 1-0

[Event "OLOA 1920 USV Halle - SG 1871 Löberitz"]
[Site "?"]
[Date "2020.01.19"]
[Round "7.1"]
[White "Stein, Robert"]
[Black "Becker, Michael"]
[Result "1/2-1/2"]
[WhiteElo "2327"]
[BlackElo "2269"]
[PlyCount "53"]
[EventDate "2020.??.??"]
[EventType "team-tourn"]

{[%evp 0,53,24,16,32,29,77,18,25,-3,40,55,41,38,38,7,30,25,24,19,19,18,58,42,
53,30,34,34,38,6,25,25,75,59,66,56,65,40,87,60,96,51,50,22,29,20,13,13,13,14,
27,20,20,18,23,6]} 1. d4 Nf6 2. Nf3 c5 3. c3 e6 4. Bg5 Be7 5. e3 cxd4 6. exd4
h6 7. Bh4 O-O 8. Bd3 b6 9. O-O Bb7 10. Nbd2 Nh5 11. Bxe7 Qxe7 12. Re1 Nf4 13.
Be4 Nc6 14. d5 Nd8 15. dxe6 dxe6 16. Qa4 Qc7 17. Ne5 Nd5 18. Rad1 Nf6 19. Bf3
a6 20. h3 b5 21. Qd4 Nc6 22. Nxc6 Bxc6 23. Bxc6 Qxc6 24. Ne4 Nd5 25. Ng3 Nf6
26. Ne4 Nd5 27. Ng3 1/2-1/2

[Event "OLOA 1920 USV Halle - SG 1871 Löberitz"]
[Site "?"]
[Date "2020.01.19"]
[Round "7.2"]
[White "Hartge, Gedeon"]
[Black "Pallas, Sebastian"]
[Result "0-1"]
[WhiteElo "2239"]
[BlackElo "2268"]
[PlyCount "72"]
[EventDate "2020.??.??"]
[EventType "team-tourn"]

{[%evp 0,72,24,16,29,-14,21,33,33,29,75,75,43,23,25,18,15,15,15,6,24,20,27,27,
73,26,26,17,17,-9,17,17,45,45,32,31,17,-27,28,-9,46,33,66,25,64,10,10,4,4,-243,
-43,-61,-33,-97,-95,-325,-326,-329,-340,-335,-335,-335,-344,-348,-345,-345,
-345,-345,-250,-531,-531,-531,-677,-675,-682]} 1. d4 Nf6 2. c4 b6 3. Nc3 Bb7 4.
Nf3 g6 5. d5 Bg7 6. e4 d6 7. Bd3 O-O 8. O-O Nbd7 9. h3 c6 10. Re1 Rc8 11. Bd2
e6 12. dxe6 fxe6 13. Bc2 e5 14. Bg5 Nc5 15. Qd2 Qe7 16. Rad1 Rcd8 17. a3 Ne6
18. b4 Kh8 19. Bb3 c5 20. Nd5 Qf7 21. Ba4 Nd4 22. Nxd4 cxd4 23. Rc1 Rc8 24. Bd1
Bxd5 25. exd5 b5 26. Bxf6 Bxf6 27. cxb5 Bg5 28. Qxg5 Qxf2+ 29. Kh2 Rxc1 30. Re2
Qf4+ 31. Qxf4 Rxf4 32. Bc2 Ra1 33. a4 Ra2 34. g3 d3 35. Bxd3 Rxe2+ 36. Bxe2
Rf2+ 0-1

[Event "OLOA 1920 USV Halle - SG 1871 Löberitz"]
[Site "?"]
[Date "2020.01.19"]
[Round "7.3"]
[White "Niegsch, Nicolas"]
[Black "Reipsch, Jens"]
[Result "1/2-1/2"]
[WhiteElo "2291"]
[BlackElo "2243"]
[PlyCount "67"]
[EventDate "2020.??.??"]
[EventType "team-tourn"]

{[%evp 0,67,24,13,29,-14,10,10,56,52,43,4,55,55,102,102,102,92,105,62,67,66,93,
57,80,58,62,47,63,19,27,16,33,33,17,9,9,-8,19,7,19,-8,-14,-61,10,10,10,-1,4,
-20,-10,-10,-16,-40,-40,-40,-40,-47,-13,-13,-11,-23,-18,-80,-62,-63,-63,-63,
-51,-45]} 1. d4 Nf6 2. c4 c5 3. d5 b5 4. cxb5 a6 5. Nc3 Qa5 6. b6 Qxb6 7. e4 d6
8. Nf3 g6 9. Bd3 Bg7 10. O-O O-O 11. h3 a5 12. Re1 Ba6 13. Bxa6 Nxa6 14. Qe2
Nc7 15. Bg5 Rab8 16. Rab1 h6 17. Be3 Nd7 18. Qd2 Kh7 19. h4 Qb4 20. h5 Nb5 21.
Ne2 Ne5 22. Nxe5 Qxd2 23. Bxd2 Bxe5 24. a4 Nd4 25. Nxd4 Bxd4 26. b3 Rb7 27.
Bxa5 Rfb8 28. Red1 Rxb3 29. Rxb3 Rxb3 30. Bd8 Bf6 31. f4 Rb8 32. Bc7 Rb7 33.
Bd8 Rb8 34. Bc7 1/2-1/2

[Event "OLOA 1920 USV Halle - SG 1871 Löberitz"]
[Site "?"]
[Date "2020.01.19"]
[Round "7.4"]
[White "Schulte, Felix"]
[Black "Reizniece-Ozola, Dana"]
[Result "1/2-1/2"]
[WhiteElo "2117"]
[BlackElo "2313"]
[PlyCount "45"]
[EventDate "2020.??.??"]
[EventType "team-tourn"]

{[%evp 0,45,24,24,77,77,111,88,88,88,88,48,53,26,26,40,40,5,18,10,29,21,53,59,
59,59,61,9,27,27,86,44,42,45,51,41,44,10,10,94,94,61,61,15,7,7,7,-444]} 1. e4
d6 2. d4 g6 3. Nf3 Bg7 4. Bc4 Nf6 5. Qe2 c6 6. e5 dxe5 7. dxe5 Nd5 8. h3 Nd7 9.
O-O Qc7 10. Re1 Nc5 11. Bxd5 cxd5 12. Nc3 Be6 13. Nd4 a6 14. Bf4 b5 15. a3 O-O
16. Rad1 Rac8 17. Qe3 Nd7 18. Nxd5 Bxd5 19. e6 Qb7 20. exd7 Rcd8 21. Bh6 Bxh6
22. Qxh6 Rxd7 23. Rxe7 1/2-1/2

[Event "OLOA 1920 USV Halle - SG 1871 Löberitz"]
[Site "?"]
[Date "2020.01.19"]
[Round "7.5"]
[White "Schuetze, Norman"]
[Black "Groeger, Stefan"]
[Result "1-0"]
[WhiteElo "2282"]
[BlackElo "2115"]
[PlyCount "43"]
[EventDate "2020.??.??"]
[EventType "team-tourn"]

{[%evp 0,43,24,24,66,62,56,16,16,16,50,45,73,26,70,52,56,31,36,37,28,28,40,40,
44,47,38,35,37,34,43,34,46,24,22,6,20,-13,1,-97,312,316,405,399,392,388]} 1. e4
c6 2. d4 d5 3. Nd2 dxe4 4. Nxe4 Bf5 5. Ng3 Bg6 6. h4 h6 7. Nf3 Nd7 8. h5 Bh7 9.
Bd3 Bxd3 10. Qxd3 e6 11. Bf4 Qa5+ 12. Bd2 Bb4 13. c3 Be7 14. c4 Qc7 15. O-O-O
Ngf6 16. Rhe1 O-O 17. Nf5 exf5 18. Rxe7 Ne4 19. Nh4 Ndc5 20. Qxe4 Qh2 21. Qe2
Qxh4 22. dxc5 1-0

[Event "OLOA 1920 USV Halle - SG 1871 Löberitz"]
[Site "?"]
[Date "2020.01.19"]
[Round "7.6"]
[White "Hentzgen, Thomas"]
[Black "Mertens, Fridolin"]
[Result "0-1"]
[WhiteElo "2017"]
[BlackElo "2146"]
[PlyCount "86"]
[EventDate "2020.??.??"]
[EventType "team-tourn"]

{[%evp 0,86,24,-7,-24,-20,-4,-31,-11,-42,-42,-48,-30,-36,-13,-34,32,16,33,30,
23,28,24,24,49,23,43,20,20,20,40,-3,-3,-3,-3,-17,-17,-17,-1,-1,-22,-76,0,-80,
-80,-91,-84,-87,-78,-59,-46,-46,-5,-20,-24,-46,-27,-39,-36,-75,-59,-193,-143,
-220,-273,-282,-295,-295,-291,-295,-249,-431,-445,-445,-445,-480,-445,-451,
-432,-451,-391,-524,-212,-224,-227,-254,-292,-292,-334]} 1. b3 d5 2. Bb2 Nf6 3.
e3 Bf5 4. f4 e6 5. Nf3 Be7 6. Be2 h6 7. O-O c5 8. Ne5 O-O 9. d3 Nc6 10. Nxc6
bxc6 11. Nd2 Qb6 12. c4 a5 13. Qc2 Rfb8 14. e4 Bh7 15. f5 exf5 16. exf5 a4 17.
g4 axb3 18. axb3 Rxa1 19. Rxa1 Qc7 20. Rf1 Nd7 21. Rf2 Bg5 22. Nf1 d4 23. Bd1
Re8 24. Bc1 Bxc1 25. Qxc1 Re1 26. Re2 Rxe2 27. Bxe2 Qe5 28. Ng3 h5 29. gxh5
Bxf5 30. Qg5 Bxd3 31. Qd8+ Nf8 32. Bxd3 Qe3+ 33. Kg2 Qxd3 34. Qe7 Qc2+ 35. Kh3
d3 36. Ne4 d2 37. Nxd2 Qxd2 38. Qxc5 Qd7+ 39. Kg3 Ne6 40. Qb6 Qc7+ 41. Qxc7
Nxc7 42. Kf4 c5 43. Ke5 Ne6 0-1

[Event "OLOA 1920 USV Halle - SG 1871 Löberitz"]
[Site "?"]
[Date "2020.01.19"]
[Round "7.7"]
[White "Otikova, Elina"]
[Black "Perekhozhuk, Maksym"]
[Result "0-1"]
[WhiteElo "2095"]
[BlackElo "1962"]
[PlyCount "66"]
[EventDate "2020.??.??"]
[EventType "team-tourn"]

{[%evp 0,66,24,24,50,42,111,91,91,56,56,56,119,77,120,66,66,44,49,15,18,24,31,
26,26,37,42,-138,-138,-127,-115,-115,-115,-753,-739,-739,-392,-465,-445,-450,
-514,-514,-943,-1193,-1267,-1305,-1310,-1323,-1345,-29999,-719,-719,-719,-677,
-680,-705,-672,-725,-715,-738,-727,-727,-770,-938,-692,-971,-972,-1036,-1040]} 
1. e4 c5 2. Nf3 d6 3. d4 cxd4 4. Nxd4 Nf6 5. Nc3 g6 6. f3 Bg7 7. Be3 Nc6 8. Qd2
O-O 9. g4 Nxd4 10. Bxd4 Be6 11. O-O-O Qa5 12. Kb1 Rfc8 13. Bxf6 Rxc3 14. Qxc3
Qxa2+ 15. Kc1 Bxf6 16. Qe3 Qxb2+ 17. Kd2 Rc8 18. Bd3 Bd4 19. Qf4 Rxc2+ 20. Bxc2
Qc3+ 21. Ke2 Qxc2+ 22. Qd2 Bc4+ 23. Ke1 Bc3 24. Qxc3 Qxc3+ 25. Kf2 Qb2+ 26. Kg3
Qe5+ 27. Kf2 b5 28. h4 b4 29. Rc1 Qd4+ 30. Kg3 b3 31. Rh2 Bd3 32. Rc8+ Kg7 33.
Rb8 Qe5+ 0-1

[Event "OLOA 1920 Nickelhütte Aue II - SG AE M"]
[Site "?"]
[Date "2020.01.19"]
[Round "7.1"]
[White "Rothe, Guido"]
[Black "Cerveny, Martin"]
[Result "0-1"]
[WhiteElo "2182"]
[BlackElo "2362"]
[PlyCount "66"]
[EventDate "2020.??.??"]
[EventType "team-tourn"]

{[%evp 0,66,19,17,100,90,111,93,79,91,91,56,63,66,45,61,85,75,42,43,22,17,28,
23,17,17,10,10,10,9,14,8,13,-14,-1,-64,-68,-74,-34,-77,-80,-78,-78,-95,-102,
-65,-88,-88,-77,-77,-77,-99,-62,-88,-76,-89,-48,-59,-69,-135,-135,-145,-137,
-238,-236,-264,-233,-282,-317]} 1. e4 c5 2. Nf3 d6 3. d4 cxd4 4. Nxd4 Nf6 5.
Nc3 a6 6. Be3 e5 7. Nf3 Be7 8. Bc4 O-O 9. Qd3 Be6 10. O-O Bxc4 11. Qxc4 b5 12.
Qd3 Nbd7 13. Rfd1 Qc7 14. Rd2 Rfc8 15. Re1 Qc4 16. Qxc4 Rxc4 17. Nd5 Nxd5 18.
exd5 f5 19. b3 Rc7 20. g3 Rac8 21. Ree2 Bf6 22. Ng5 Bxg5 23. Bxg5 Kf7 24. Be3
Nf6 25. f3 h6 26. a3 Rc3 27. Kg2 a5 28. Bb6 Ra8 29. Re3 Rxe3 30. Bxe3 a4 31. c4
axb3 32. cxb5 Rxa3 33. Bf2 Ra5 0-1

[Event "OLOA 1920 Nickelhütte Aue II - SG AE M"]
[Site "?"]
[Date "2020.01.19"]
[Round "7.2"]
[White "Langrock, Hannes"]
[Black "Rafayevych, Vilen"]
[Result "1-0"]
[WhiteElo "2348"]
[BlackElo "2112"]
[PlyCount "115"]
[EventDate "2020.??.??"]
[EventType "team-tourn"]

{[%evp 0,48,19,19,28,27,32,-14,30,3,40,21,46,29,29,21,50,4,11,47,49,39,39,36,
44,-10,6,-2,20,13,13,149,181,181,196,181,174,196,195,157,162,154,221,206,231,
223,223,220,221,208,230]} 1. d4 d5 2. Nf3 Nf6 3. c4 c6 4. g3 a6 5. Bg2 Bf5 6.
cxd5 cxd5 7. Qb3 b6 8. Ne5 e6 9. Nc3 Bd6 10. O-O O-O 11. Bf4 b5 12. Rfc1 Qb6
13. Qd1 Nbd7 14. Nxd5 exd5 15. Rc6 Bxe5 16. Rxb6 Bxf4 17. Rxf6 Nxf6 18. gxf4
Rac8 19. h3 h6 20. Rc1 Rfe8 21. Rc5 Be6 22. Qc2 g6 23. e3 Kg7 24. Qc1 Red8 25.
f3 Rxc5 26. Qxc5 Rc8 27. Qa3 Rc1+ 28. Kh2 Rc2 29. Qb3 Rc1 30. a4 Bd7 31. a5 Bf5
32. Qb4 Rc2 33. Qb3 Rc1 34. Qb4 Rc2 35. b3 Bd3 36. Qe1 Ne4 37. b4 h5 38. Kg1
Nc3 39. Qh4 Rc1+ 40. Kh2 Rc2 41. Qe1 h4 42. Kh1 Na2 43. Qxh4 Nxb4 44. e4 Rc1+
45. Kh2 Rc2 46. Kg3 Nc6 47. f5 gxf5 48. exd5 Nxa5 49. Qg5+ Kh7 50. Bf1 f4+ 51.
Kxf4 Bg6 52. h4 Rc1 53. Bh3 Rd1 54. h5 Bc2 55. Bf5+ Bxf5 56. Qxf5+ Kg7 57. Qg5+
Kh7 58. h6 1-0

[Event "OLOA 1920 Nickelhütte Aue II - SG AE M"]
[Site "?"]
[Date "2020.01.19"]
[Round "7.3"]
[White "Koenig, Marco"]
[Black "Wichmann, Cliff"]
[Result "0-1"]
[WhiteElo "2096"]
[BlackElo "2293"]
[PlyCount "72"]
[EventDate "2020.??.??"]
[EventType "team-tourn"]

{[%evp 0,72,19,42,73,33,52,36,37,6,6,-11,-12,-4,26,-21,4,10,-3,-7,-33,-27,8,-8,
-8,-31,-3,0,7,-4,19,52,61,69,183,47,77,120,97,63,63,-51,-40,-5,-6,-12,7,-50,
-17,-31,-50,-56,-68,-76,-65,-67,-1,21,44,41,-158,-143,-134,-140,-145,-145,-159,
-340,-508,-508,-526,-496,-552,-552,-575]} 1. e4 e6 2. d4 d5 3. e5 c5 4. c3 Nc6
5. Nf3 Bd7 6. a3 f6 7. Bd3 fxe5 8. dxe5 Qc7 9. Qe2 c4 10. Bc2 O-O-O 11. O-O Be7
12. Nbd2 g5 13. Re1 Nh6 14. Nd4 Rdf8 15. Nxc6 Bxc6 16. Nf3 Nf5 17. Nxg5 Bxg5
18. Bxg5 Rhg8 19. Bxf5 Rxf5 20. Bh4 d4 21. Bg3 d3 22. Qe3 h5 23. h4 Qa5 24. Qd4
Bd5 25. Rad1 b6 26. Kh2 Qb5 27. Rb1 Qc6 28. f3 Bxf3 29. gxf3 Rxg3 30. Re4 Rgxf3
31. Qxc4 Qxc4 32. Rxc4+ Kb7 33. Kg2 Rf2+ 34. Kg1 Re2 35. Rf1 d2 36. Rd4 Rxf1+
0-1

[Event "OLOA 1920 Nickelhütte Aue II - SG AE M"]
[Site "?"]
[Date "2020.01.19"]
[Round "7.4"]
[White "Jurasek, Miroslav"]
[Black "Noack, Marcel"]
[Result "1-0"]
[WhiteElo "2210"]
[BlackElo "2029"]
[PlyCount "51"]
[EventDate "2020.??.??"]
[EventType "team-tourn"]

{[%evp 0,51,42,26,88,43,116,78,122,18,-16,-16,55,57,37,37,36,129,129,12,14,-4,
-8,-8,1,18,25,-45,-15,-37,-37,-37,2,-3,4,-8,8,24,5,-9,24,25,40,34,44,40,69,69,
97,131,117,198,225,222]} 1. e4 g6 2. d4 Bg7 3. Nf3 c5 4. c4 cxd4 5. Nxd4 Qb6 6.
Nb5 a6 7. N5c3 Nc6 8. Nd5 Qd8 9. Nbc3 e6 10. Ne3 Nge7 11. Be2 Nd4 12. O-O O-O
13. Rb1 Nec6 14. b3 b5 15. Bb2 b4 16. Na4 d6 17. Nc2 Nxe2+ 18. Qxe2 Bxb2 19.
Rxb2 Qc7 20. Rd1 Rd8 21. Ne3 Bb7 22. Rbd2 Ne7 23. Qg4 Rd7 24. c5 Nc8 25. Nc4 d5
26. Nab6 1-0

[Event "OLOA 1920 Nickelhütte Aue II - SG AE M"]
[Site "?"]
[Date "2020.01.19"]
[Round "7.5"]
[White "Windelband, Jens"]
[Black "Heinz, Thomas"]
[Result "1/2-1/2"]
[WhiteElo "2123"]
[BlackElo "2172"]
[PlyCount "125"]
[EventDate "2020.??.??"]
[EventType "team-tourn"]

{[%evp 0,82,42,26,26,32,33,8,119,94,100,87,148,84,131,110,152,134,94,77,55,46,
60,23,61,-25,77,77,96,-40,-40,-83,-76,-39,-50,-50,-50,-84,-71,-113,-113,-134,
-120,-119,-127,-126,-110,-118,-144,-303,-85,-216,-265,-265,-271,-423,-496,-496,
-496,-496,-579,-501,-334,-334,-323,-323,-295,-306,-306,-306,-306,-306,-340,
-275,-324,-324,-330,-301,-334,-334,-286,-323,-259,-260,-310]} 1. e4 d5 2. exd5
Qxd5 3. Nc3 Qd8 4. d4 Nf6 5. Nf3 Bg4 6. h3 Bh5 7. g4 Bg6 8. Ne5 Nbd7 9. f4 e6
10. Qe2 Nxe5 11. dxe5 Nd7 12. h4 h5 13. f5 exf5 14. g5 Bb4 15. Bg2 O-O 16. Bf4
Bxc3+ 17. bxc3 Nc5 18. O-O Ne4 19. Bxe4 fxe4 20. Rad1 Qe7 21. Qc4 Rad8 22. Rd4
Rxd4 23. cxd4 Qd7 24. Kg2 Rd8 25. c3 Qg4+ 26. Bg3 Bf5 27. d5 Qh3+ 28. Kf2 e3+
29. Kf3 Bg4+ 30. Kf4 Rxd5 31. Qxd5 Qxf1+ 32. Kxe3 Qe2+ 33. Kf4 Qf1+ 34. Ke3
Qe2+ 35. Kf4 c6 36. Qe4 Qf1+ 37. Ke3 Qe2+ 38. Kf4 Qd2+ 39. Qe3 Qxa2 40. Bf2 Qd5
41. Qe4 Qd2+ 42. Qe3 Qd1 43. e6 Bxe6 44. Qxa7 Bd5 45. Qe3 f6 46. gxf6 Qg4+ 47.
Ke5 Qe6+ 48. Kf4 gxf6 49. Qxe6+ Bxe6 50. Bd4 Kf7 51. Ke4 Bg4 52. Bb6 Be2 53.
Kd4 Ke6 54. Bc7 b5 55. Bb6 Kf5 56. Bd8 c5+ 57. Ke3 Bf1 58. Be7 Bg2 59. Bxc5 Kg4
60. Be7 Kxh4 61. Bxf6+ Kg3 62. Be5+ Kh3 63. Kf2 1/2-1/2

[Event "OLOA 1920 Nickelhütte Aue II - SG AE M"]
[Site "?"]
[Date "2020.01.19"]
[Round "7.6"]
[White "Heinz, Juergen"]
[Black "Erbs, Susan"]
[Result "1/2-1/2"]
[WhiteElo "2192"]
[BlackElo "2013"]
[PlyCount "103"]
[EventDate "2020.??.??"]
[EventType "team-tourn"]

{[%evp 0,103,26,32,102,72,103,82,120,121,137,112,159,131,131,56,50,85,109,71,
89,89,81,81,98,76,64,52,60,41,23,37,55,54,58,51,61,76,62,32,70,68,57,33,31,12,
52,57,49,37,67,53,53,18,30,8,54,63,55,44,38,38,53,18,22,0,146,0,97,27,31,-3,13,
13,26,19,6,17,10,0,43,0,0,0,33,0,13,23,25,-20,0,0,15,0,20,20,59,77,130,7,0,0,0,
0,0,0]} 1. Nf3 g6 2. e4 Bg7 3. d4 c5 4. dxc5 Qa5+ 5. c3 Qxc5 6. Be3 Qc7 7. Bd4
Nf6 8. e5 Nh5 9. Qd2 d6 10. exd6 Qxd6 11. Bxg7 Qxd2+ 12. Nbxd2 Nxg7 13. Bb5+
Bd7 14. Bxd7+ Nxd7 15. O-O-O Nc5 16. Nb3 Rc8 17. Nxc5 Rxc5 18. Rhe1 Ne6 19. Nd4
Nc7 20. Kc2 e6 21. b4 Rh5 22. h3 O-O 23. c4 Rc8 24. Kb3 b5 25. cxb5 Nxb5 26.
Nxb5 Rxb5 27. a4 Rg5 28. g4 Kf8 29. f4 Rd5 30. Rxd5 exd5 31. b5 Rc4 32. a5 Rxf4
33. Rd1 d4 34. Kc4 d3+ 35. Kc3 Ra4 36. a6 f5 37. gxf5 gxf5 38. Rxd3 Ke7 39. Kb3
Ra1 40. Kc4 Ke6 41. Rb3 Ke5 42. Re3+ Kd6 43. Rd3+ Ke6 44. Kc5 f4 45. Rb3 Rc1+
46. Kd4 Ra1 47. Ke4 Ra4+ 48. Kf3 Kf5 49. b6 axb6 50. Rb5+ Kg6 51. Rxb6+ Kg5 52.
Rb5+ 1/2-1/2

[Event "OLOA 1920 Nickelhütte Aue II - SG AE M"]
[Site "?"]
[Date "2020.01.19"]
[Round "7.7"]
[White "Heyne, Jan-Hendrik"]
[Black "Poessel, Christian"]
[Result "1/2-1/2"]
[WhiteElo "1839"]
[BlackElo "2008"]
[PlyCount "131"]
[EventDate "2020.??.??"]
[EventType "team-tourn"]

{[%evp 0,116,32,32,100,71,107,91,91,91,91,56,75,68,107,23,29,49,59,59,60,65,58,
55,53,27,27,27,30,41,25,22,36,11,20,42,50,44,52,34,39,34,45,4,-5,-8,28,0,46,2,
13,-23,-16,-23,-13,-29,-1,-1,16,-26,-31,-3,-14,-20,-2,10,-38,-38,-37,-26,-27,
-37,-45,-36,-41,-35,-35,-55,-43,-66,-62,-72,-40,-73,-47,-75,-40,-40,-49,-38,
-41,-51,-42,-49,-48,-48,-48,-55,-43,-38,-30,-33,-19,-20,-13,-13,-2,-79,-5,-28,
58,22,19,0,54,-30,-30,-36,-1]} 1. e4 c5 2. Nf3 d6 3. d4 cxd4 4. Nxd4 Nf6 5. Nc3
a6 6. Bg5 e6 7. f4 Qb6 8. Qd2 Nc6 9. O-O-O Bd7 10. Be2 h6 11. Bxf6 gxf6 12.
Rhe1 Nxd4 13. Qxd4 Qxd4 14. Rxd4 Rc8 15. Bf3 Rc7 16. Rd3 h5 17. Kb1 b5 18. a3
h4 19. f5 Rc5 20. Red1 Re5 21. fxe6 fxe6 22. Ne2 Bc6 23. Nf4 Kf7 24. Rd4 Rc5
25. Nd3 Rg5 26. Nb4 Bb7 27. R4d2 h3 28. g3 Be7 29. Bh1 Rc8 30. Nd3 Rc4 31. Nf4
Bxe4 32. Bxe4 Rxe4 33. Nxh3 Rh5 34. Nf4 Rh8 35. Rf1 d5 36. Nd3 Bd6 37. Rdf2 f5
38. Ne1 a5 39. Nf3 Ke7 40. Nd2 Re3 41. Nb3 a4 42. Nd4 Be5 43. Nc6+ Kd6 44. Nxe5
Kxe5 45. Kc1 Rc8 46. Kd2 Re4 47. c3 d4 48. Rc1 dxc3+ 49. Rxc3 Rxc3 50. Kxc3 Kf6
51. Kd3 e5 52. Rc2 b4 53. Rc4 bxa3 54. bxa3 Re1 55. Rxa4 e4+ 56. Kd4 Rh1 57. g4
Rxh2 58. gxf5 Kxf5 59. Ra8 Rd2+ 60. Ke3 Rd3+ 61. Ke2 Rh3 62. a4 Ra3 63. a5 Kf4
64. Rf8+ Ke5 65. Re8+ Kd4 66. Rd8+ 1/2-1/2

[Event "OLOA 1920 Nickelhütte Aue II - SG AE M"]
[Site "?"]
[Date "2020.01.19"]
[Round "7.8"]
[White "Kubikova, Hana"]
[Black "Willberg, Frank"]
[Result "1/2-1/2"]
[WhiteElo "2069"]
[BlackElo "1858"]
[PlyCount "66"]
[EventDate "2020.??.??"]
[EventType "team-tourn"]

{[%evp 0,66,32,32,34,22,49,33,25,14,16,12,21,0,22,11,21,22,33,11,20,20,20,-37,
-26,-26,-15,3,3,-6,-6,5,-9,-9,-4,-25,-5,-3,26,-33,-18,-37,-24,-34,-8,-26,-31,
-78,-53,-53,20,16,18,18,19,6,37,56,99,56,120,131,131,133,133,48,22,25,24]} 1.
d4 Nf6 2. Nf3 g6 3. g3 Bg7 4. Bg2 d5 5. O-O O-O 6. c4 c6 7. cxd5 cxd5 8. Nc3
Ne4 9. Bf4 Nxc3 10. bxc3 Nc6 11. e4 dxe4 12. Ng5 e5 13. dxe5 Bxe5 14. Qxd8 Rxd8
15. Bxe5 Nxe5 16. Nxe4 Rb8 17. Rfd1 Rxd1+ 18. Rxd1 Be6 19. h3 Rc8 20. f4 Nc4
21. Kf2 h6 22. g4 f5 23. Nf6+ Kf7 24. gxf5 Bxf5 25. Ng4 Bxg4 26. hxg4 Rc7 27.
Bd5+ Ke7 28. Rh1 Nb6 29. Bb3 Rxc3 30. Rxh6 Nd7 31. Rxg6 Nc5 32. Rh6 Nxb3 33.
axb3 Rxb3 1/2-1/2

[Event "OLOA 1920 SG Leipzig I - SV Rochade Mag"]
[Site "?"]
[Date "2020.01.19"]
[Round "7.2"]
[White "Richter, Leonard"]
[Black "Bednar, Marcel"]
[Result "1-0"]
[WhiteElo "2269"]
[BlackElo "2279"]
[PlyCount "39"]
[EventDate "2020.??.??"]
[EventType "team-tourn"]

{[%evp 0,39,32,32,61,53,128,95,95,95,114,114,137,83,135,73,78,76,117,121,128,
128,251,139,304,304,304,280,606,606,646,645,645,572,572,572,725,696,906,867,
29999,-30000]} 1. e4 c5 2. Nf3 Nf6 3. e5 Nd5 4. Nc3 Nxc3 5. dxc3 Nc6 6. Bf4 Qb6
7. Rb1 Qa5 8. Bd3 b5 9. O-O h6 10. e6 Qxa2 11. b3 g5 12. exf7+ Kxf7 13. Ne5+
Kf6 14. Qf3 Nxe5 15. Bxe5+ Kxe5 16. Rfe1+ Kd6 17. Qxa8 Qa6 18. Qe4 Rg8 19. Ra1
Qc6 20. Qe5# 1-0

[Event "OLOA 1920 SG Leipzig I - SV Rochade Mag"]
[Site "?"]
[Date "2020.01.19"]
[Round "7.3"]
[White "Mueller, Dominik"]
[Black "Heistermann, Till"]
[Result "1/2-1/2"]
[WhiteElo "2267"]
[BlackElo "2167"]
[PlyCount "60"]
[EventDate "2020.??.??"]
[EventType "team-tourn"]

{[%evp 0,60,32,-12,34,-38,-2,9,34,-25,27,7,14,30,44,7,7,-18,-11,-22,17,12,35,7,
10,-3,13,24,26,2,42,13,20,0,51,38,63,53,65,51,56,39,82,82,94,78,90,85,104,102,
102,91,115,69,110,97,117,68,92,78,108,84,71]} 1. c4 g6 2. g3 Bg7 3. Bg2 Nf6 4.
Nf3 O-O 5. O-O d6 6. Nc3 e5 7. d3 Nc6 8. Rb1 Be6 9. b4 Qc8 10. b5 Ne7 11. Re1
h6 12. a4 Nd7 13. Nd2 Nc5 14. a5 Rb8 15. b6 cxb6 16. axb6 a6 17. Ba3 Nf5 18.
Nd5 Bxd5 19. Bxd5 Rd8 20. Nb3 Nxb3 21. Qxb3 Nd4 22. Qd1 Qd7 23. e3 Ne6 24. h4
h5 25. Qf3 Re8 26. Kh2 Red8 27. Rg1 Qe7 28. Rbd1 Rd7 29. Rge1 Qf6 30. Qg2 Qd8
1/2-1/2

[Event "OLOA 1920 SG Leipzig I - SV Rochade Mag"]
[Site "?"]
[Date "2020.01.19"]
[Round "7.4"]
[White "Gempe, Thomas"]
[Black "Niering, Martin"]
[Result "1/2-1/2"]
[WhiteElo "2187"]
[BlackElo "2214"]
[PlyCount "83"]
[EventDate "2020.??.??"]
[EventType "team-tourn"]

{[%evp 0,83,32,32,32,11,52,19,-20,-24,6,3,35,7,35,35,33,17,64,79,77,56,97,93,
102,129,145,140,140,140,155,152,174,127,176,131,153,153,171,151,159,161,160,
162,185,169,188,211,238,241,295,255,252,222,257,257,297,97,97,47,47,47,54,38,
32,30,0,12,16,11,0,0,0,0,0,0,0,8,1,14,0,0,0,0,0,0]} 1. e4 d5 2. exd5 Nf6 3. c4
e6 4. dxe6 Bxe6 5. d4 Bb4+ 6. Bd2 Bxd2+ 7. Qxd2 O-O 8. Nc3 a6 9. Bd3 b5 10.
cxb5 axb5 11. Bxb5 Bd5 12. f3 c6 13. Bd3 Nbd7 14. Nge2 Qb6 15. O-O Rfe8 16. Kh1
Nf8 17. Nf4 g6 18. Nfxd5 cxd5 19. Bb5 Rec8 20. a4 Ne6 21. Rfd1 Kg7 22. Rac1 h5
23. Qe3 Qa5 24. Qe5 Nc7 25. Bc6 Ra6 26. Nb5 Ne6 27. Nd6 Rcxc6 28. Rxc6 Rxc6 29.
Ne8+ Kf8 30. Nxf6 Qxa4 31. Re1 Qxd4 32. Qxd4 Nxd4 33. Nxd5 Rc2 34. Rb1 Nb3 35.
Ne3 Re2 36. Nc4 Rc2 37. Na3 Re2 38. Kg1 h4 39. h3 Kg7 40. Nc4 Rc2 41. Ne3 Re2
42. Nc4 1/2-1/2